Catálogo

Vista normal Vista MARC

Entrada Personal Name

Número de registros utilizados en: 1

001 - CONTROL NUMBER

  • control field: 8998

003 - CONTROL NUMBER IDENTIFIER

  • control field: DLC

005 - DATE AND TIME OF LATEST TRANSACTION

  • control field: 20200623093134.0

008 - FIXED-LENGTH DATA ELEMENTS

  • fixed length control field: 821122n| azannaabn |a aaa

010 ## - LIBRARY OF CONGRESS CONTROL NUMBER

  • LC control number: n 82155572

035 ## - SYSTEM CONTROL NUMBER

  • System control number: (CaEvSKY)skya1921688

040 ## - CATALOGING SOURCE

  • Original cataloging agency: DLC
  • Description conventions: rda
  • Transcribing agency: Mx-PuUPA
  • Modifying agency: DLC
  • Modifying agency: CoU
  • Modifying agency: DLC
  • Modifying agency: MX-SlUA
  • Modifying agency: Mx-PuUPA
  • Language of cataloging: spa

046 ## - SPECIAL CODED DATES

  • Birth date: 1948

100 1# - HEADING--PERSONAL NAME

  • Personal name: Álvarez, Jesús Timoteo,
  • Dates associated with a name: 1948

370 ## - ASSOCIATED PLACE

  • Place of birth: León

372 ## - FIELD OF ACTIVITY

  • Field of activity: Historia de la prensa en Hispanoamérica

374 ## - OCCUPATION

  • Occupation: Doctor en periodísmo

375 ## - GENDER

  • Gender: hombre

377 ## - ASSOCIATED LANGUAGE

  • Language code: spa

400 1# - SEE FROM TRACING--PERSONAL NAME

  • Personal name: Álvarez, J. T.
  • Fuller form of name: (Jesús Timoteo)
  • Dates associated with a name: 1948

400 1# - SEE FROM TRACING--PERSONAL NAME

  • Personal name: Timoteo Álvarez, Jesús
  • Dates associated with a name: 1948

400 1# - SEE FROM TRACING--PERSONAL NAME

  • Personal name: Timoteo, Jesús
  • Dates associated with a name: 1948

400 1# - SEE FROM TRACING--PERSONAL NAME

  • Personal name: Álvarez Fernández, Jesús Timoteo
  • Dates associated with a name: 1948

400 1# - SEE FROM TRACING--PERSONAL NAME

  • Personal name: Fernández, Jesús Timoteo Álvarez
  • Dates associated with a name: 1948

670 ## - SOURCE DATA FOUND

  • Source citation: His Restauración y prensa de masas, 1981:
  • Information found: t.p. (Jesús Timoteo Alvarez)

670 ## - SOURCE DATA FOUND

  • Source citation: Prensa obrera en Madrid, 1855-1936, 1987:
  • Information found: t.p. (J.T. Alvarez) p. 8 (Jesús Timoteo Alvarez)

670 ## - SOURCE DATA FOUND

  • Source citation: Historia de la prensa hispanoamericana, 1992:
  • Information found: cover p.2 (Jesús Timoteo Álvarez; b. 1948, León)

670 ## - SOURCE DATA FOUND

  • Source citation: Economía efectiva, 2006:
  • Information found: v. 1, t.p. (Jesús TIMOTEO) p. 11 (Jesús TIMOTEO ÁLVAREZ) p. 19 (facsim. of autograph: Jesús T. Álvarez; prof. of communication sciences, Univ. Complutense de Madrid)

670 ## - SOURCE DATA FOUND

  • Source citation: Bib. Nac. de España auth. file, Aug. 31, 2007
  • Information found: (hdg.: Álvarez, Jesús Timoteo (1948- ); cited forms include: Jesús Timoteo Álvarez Fernández)

670 ## - SOURCE DATA FOUND

  • Source citation: Manejo de la comunicación organizacional : espacios herramientas y tendencias en gestión de negocios, 2012:
  • Information found: title page (Jesús Timoteo Álvarez)

670 ## - SOURCE DATA FOUND

  • Source citation: Bibvlioteca del congreso (Estados Unidos), 21 febrero 2019:
  • Information found: catálogo electrónico
  • Uniform Resource Identifier: https://goo.gl/haz9p2